| 000 | 01087cam a2200229 4500 | ||
|---|---|---|---|
| 001 | WB3818-18 | ||
| 008 | 020516n2002 000 0 eng u | ||
| 035 | _a(Sirsi) u117989 | ||
| 245 | _aFalconer under fire | ||
| 260 | _c2002 | ||
| 490 |
_aInside Housing _v 10 May 2002, (1) |
||
| 520 | _aFigures show number of possession orders granted by the courts for social landlords increased 8.8% on the first quarter of 2001. Lord Falconer had recently argued that government was not on an 'eviction cruscade' stressing that the action was only used as a last resort. The Chartered Institute of Housing argued that pressure from the Housing Corporation to improve rent collection could have had an effect, but the National Housing Federation stressed that the proportion of tenants evicted remained very small. | ||
| 590 | _aWB | ||
| 650 | _aLORD FALCONER | ||
| 650 | _aINSIDE HOUSING | ||
| 650 | _aLORD CHANCELLORS DEPARTMENT | ||
| 650 | _aSHELTER | ||
| 650 | _aHOUSING CORPORATION | ||
| 650 | _aNATIONAL HOUSING FEDERATION | ||
| 690 |
_aAffordable housing _96215 |
||
| 942 | _n0 | ||
| 999 |
_c70273 _d70273 |
||